|
|
|
|
| LEADER |
00000nam0a2200000 4500 |
| 001 |
294153 |
| 005 |
20231102000651.0 |
| 020 |
|
|
|a RU
|b 84-3048
|
| 035 |
|
|
|a (RuTPU)RU\TPU\book\319208
|
| 090 |
|
|
|a 294153
|
| 100 |
|
|
|a 20150511d1984 km y0rusy5003 ca
|
| 101 |
0 |
|
|a rus
|
| 102 |
|
|
|a RU
|
| 105 |
|
|
|a y z 001zy
|
| 200 |
1 |
|
|a Химическая форма материи и закономерный мировой процесс
|f Т. С. Васильева
|g науч. ред. В. В. Орлов
|
| 210 |
|
|
|a Красноярск
|c Изд-во Краснояр. ун-та
|d 1984
|
| 215 |
|
|
|a 136 с.
|
| 320 |
|
|
|a Библиография в ссылках.
|
| 606 |
1 |
|
|a Химия
|x Философские проблемы
|2 stltpush
|3 (RuTPU)RU\TPU\subj\17380
|9 43039
|
| 610 |
1 |
|
|a химические формы
|
| 610 |
1 |
|
|a материя
|
| 610 |
1 |
|
|a концепции
|
| 610 |
1 |
|
|a закономерности
|
| 610 |
1 |
|
|a химизм
|
| 610 |
1 |
|
|a сложность
|
| 675 |
|
|
|a 54:1
|v 3
|
| 700 |
|
1 |
|a Васильева
|b Т. С.
|g Татьяна Степановна
|4 070
|
| 702 |
|
1 |
|a Орлов
|b В. В.
|4 340
|
| 801 |
|
0 |
|a RU
|b RuMRKP
|c 19950704
|g psbo
|
| 801 |
|
1 |
|a RU
|b 63413507
|c 20150511
|
| 801 |
|
2 |
|a RU
|b 63413507
|c 20190211
|g RCR
|
| 942 |
|
|
|c BK
|